Every MLB Team's Most Recent MVP - Statistics

General Stats
  • This quiz has been taken 110 times
    109 since last reset
  • The average score is 21 of 26
Answer Stats
Answer % Correct
Aaron Judge
100%
Bryce Harper
100%
Shohei Ohtani
100%
Mookie Betts
98%
José Altuve
96%
Ronald Acuña Jr.
94%
Giancarlo Stanton
92%
Christian Yelich
89%
Buster Posey
88%
Miguel Cabrera
88%
Paul Goldschmidt
88%
Andrew McCutchen
85%
Kris Bryant
85%
Joey Votto
82%
José Abreu
82%
Cal Ripken Jr.
81%
Joe Mauer
79%
Cody Bellinger
76%
George Brett
76%
Josh Donaldson
74%
Ichiro Suzuki
73%
Josh Hamilton
73%
Larry Walker
68%
Miguel Tejada
51%
Ken Caminiti
44%
Al Rosen
21%
No matching quizzes found
Score Distribution
Percent of People with Each Score
Percentile by Number Answered
Your Score History
You have not taken this quiz since the last reset